Deutsches Logo-Quiz #2 - Statistiken

Allgemein
  • Dieses Quiz wurde 22.905 mal gespielt
  • Das Durchschnittsergebnis liegt bei 15 aus 20
Antwortstatistiken
Bildquiz Antwort % Korrekt
Deutsche Bahn
99%
Deutsche Post
98%
Haribo
98%
Mercedes-Benz
98%
Porsche
96%
Müller Handels GmbH & Co. KG
94%
Tchibo
92%
Allianz
90%
Zalando
88%
RTL Television
84%
Nordsee
80%
Bild
78%
Paulaner Brauerei
78%
Knorr
68%
SAP
51%
dm-drogerie markt
45%
Meggle
39%
Sixt
35%
Condor Flugdienst
27%
Hapag-Lloyd
11%
Keine übereinstimmenden Quizze gefunden
Verteilung der Resultate
Anzahl Personen mit jedem Resultat
Perzentil nach korrekt beantworteten Fragen
Ihre Resultats-Entwicklung
Sie haben dieses Quiz noch nicht gespielt